000 004240000a22001810004500
003 MACL
005 20150712143816.0
008 150712b xxu||||| |||| 00| 0 eng d
040 _aMACL
_cMACL
041 _aEnglish
082 _a320/SHA
100 _aShah, M C
_91913
245 _aRajiv Gandhi In Parliament
260 _bDelhi
_c1991
_aShipra
350 _a70
650 _aPolitical Science
_988
942 _cBK
_k320
_2ddc
999 _c3805
_d3805